Marcatori del Genoa in UEFA Europa League 2009-2010 - Statistics

Statistiche generali
  • Questo quiz è stato fatto 13 volte
  • Il punteggio medio è 3 su 8
Statistiche sulle risposte
Partita Minuto Marcatore % Corretto
Genoa - Slavia Praga 2-0 39' Giuseppe Sculli
73%
Genoa - Lilla 3-2 93' Giuseppe Sculli
73%
Genoa - Lilla 3-2 58' Hernán Crespo
45%
Genoa - Valencia 1-2 51' Hernán Crespo
45%
Genoa - Lilla 3-2 14' Rodrigo Palacio
27%
Valencia - Genoa 3-2 43' Sergio Floccari
27%
Genoa - Slavia Praga 2-0 4' Alberto Zapater
18%
Valencia - Genoa 3-2 64' Houssine Kharja
18%
Nessun quiz corrispondente trovato
Distribuzione punteggi
Percentuale di utenti per punteggio
Percentile per numero di risposta
I tuoi punteggi nel tempo
Non hai fatto questo quiz